00632nam a2200205Ia 450000500170000000800410001702000180005804100120007608200160008810000170010424501250012125000120024626000370025830000200029544000110031565000290032665000220035565000210037770000280039820260429112027.0260429s9999||||xx |||||||||||||| ||und|| a9781032660325 aEnglish a006.31bCUE aCuevas, Erik 0aImage processing and machine learning : badvanced topics in image analysis and machine learning, Vol. 2 / cErik Cuevas a1st ed. aBoca Raton : bCRC Press,c2024. axiv, 223 p.; hb vVol. 2 a Artificial intelligence a Machine learning aComputer science a Rodriguez, Alma Nayeli